Normal view
MARC view
- تاليف الغامدي، سعد بن محمد حذيفة
Entry Personal Name
001 - CONTROL NUMBER
- control field: 60358
003 - CONTROL NUMBER IDENTIFIER
- control field: JO-AjAnu
005 - DATE AND TIME OF LATEST TRANSACTION
- control field: 20230606083851.0
008 - FIXED-LENGTH DATA ELEMENTS
- fixed length control field: 230606|| aca||aabn | a|a d
040 ## - CATALOGING SOURCE
- Original cataloging agency: JO-AjAnu
- Transcribing agency: JO-AjAnu
100 ## - HEADING--PERSONAL NAME
- Personal name: تاليف الغامدي، سعد بن محمد حذيفة
670 ## - SOURCE DATA FOUND
- Source citation: Work cat.: (JO-AjAnu)30780: تاليف الغامدي، سعد بن محمد حذيفة , author, سقوط الدولة العباسية ودور الشيعة بين الحقيقه والاتهام :دراسة جديدة لفترة من تاريخ امتنا الاسلامية (549-656هـ) على مصادر اولية-اسلامية(عربية-وفارسية)واجنبية معاصرة